000 00302nam a22001337a 4500
008 170825b xxu||||| |||| 00| 0 eng d
020 _a9780205063635
041 _aeng
080 _26TH
_a070
100 _a39
101 _aMED
245 _aBECOMING A CRITICAL THINKER
_cDIESTLER,S
942 _2udc
_cBK
999 _c25074
_d25074